000 00529nam a2200217 a 4500
001 34834
003 Mx-PuUPA
005 20260116095609.0
008 140415s1956 000 0 spa d
040 _cMx-PuUPA
041 _aspa
082 _a946.04
_bVIG
100 1 _aVIGON, JORGE
245 1 0 _aFERNANDO EL CATOLICO MILITAR
250 _a2a ed.
260 _a[s.l.] :
_bCASTILLA,
_c1956
300 _a52
490 _aO. CRECE O.MUERE
_v14
650 1 4 _aESPAA
_xHISTORIA
_xREYES CATOLICOS, 1479
_x1516
942 _2ddc
_cLI
999 _c34834
_d34834